000 01026cam a2200229 4500
001 WB3808-15
008 020228n2002 000 0 eng u
035 _a(Sirsi) u116909
245 _aCommunity Renewables launched
260 _c2002
490 _aDTI News Release
_v(P/2002/133) 28 February 2002, (3)
520 _aMinister for Energy has launched Community Renewables Initiative to help schools, offices and housing developments in England to become more environmentally friendly and help reduce the effects of climate change. The initiative will have local support teams in 10 areas covering half of England, helping local communities devise renewable energy schemes suited to their area.
590 _aWB
650 _aCLIMATE CHANGE
650 _aENVIRONMENTALLY FRIENDLY BUILDINGS
650 _aSUSTAINABLE DEVELOPMENTS
650 _aALTERNATIVE ENERGY
650 _aRENEWABLE ENERGY
650 _aLOCAL COMMUNITY
690 _aENVIRONMENTAL AND LAND CONSULTANCY-ENVIRONMENTAL MANAGEMENT
942 _n0
999 _c69643
_d69643